<?xml version="1.0" encoding="UTF-8"?>
<record
    xmlns:xsi="http://www.w3.org/2001/XMLSchema-instance"
    xsi:schemaLocation="http://www.loc.gov/MARC21/slim http://www.loc.gov/standards/marcxml/schema/MARC21slim.xsd"
    xmlns="http://www.loc.gov/MARC21/slim">

  <leader>04237njm a2200637Ia 4500</leader>
  <controlfield tag="001">25675</controlfield>
  <controlfield tag="003">IT-RoPAU</controlfield>
  <controlfield tag="005">20220918181123.0</controlfield>
  <controlfield tag="008">131025s9999    xx            000 0 und d</controlfield>
  <datafield tag="040" ind1=" " ind2=" ">
    <subfield code="a">IT-RoPAU</subfield>
  </datafield>
  <datafield tag="040" ind1=" " ind2=" ">
    <subfield code="c">IT-RoPAU</subfield>
  </datafield>
  <datafield tag="999" ind1=" " ind2=" ">
    <subfield code="c">99981</subfield>
    <subfield code="d">99981</subfield>
  </datafield>
  <datafield tag="999" ind1=" " ind2=" ">
    <subfield code="b">n.d.</subfield>
  </datafield>
  <datafield tag="100" ind1=" " ind2=" ">
    <subfield code="a">AA.VV.</subfield>
    <subfield code="9">794</subfield>
  </datafield>
  <datafield tag="100" ind1=" " ind2=" ">
    <subfield code="e">Autore musica</subfield>
    <subfield code="9">13448</subfield>
  </datafield>
  <datafield tag="100" ind1=" " ind2=" ">
    <subfield code="g">Codice autore musica SPICS: 12000</subfield>
    <subfield code="9">796</subfield>
  </datafield>
  <datafield tag="245" ind1=" " ind2=" ">
    <subfield code="a">Grandi della chitarra (I)</subfield>
  </datafield>
  <datafield tag="250" ind1=" " ind2=" ">
    <subfield code="a">2a ed.</subfield>
  </datafield>
  <datafield tag="260" ind1=" " ind2=" ">
    <subfield code="a">MILANO</subfield>
  </datafield>
  <datafield tag="260" ind1=" " ind2=" ">
    <subfield code="b">MUSICA JAZZ</subfield>
    <subfield code="c">1982 [1a Ed.:]</subfield>
  </datafield>
  <datafield tag="300" ind1=" " ind2=" ">
    <subfield code="a">DISCO</subfield>
  </datafield>
  <datafield tag="300" ind1=" " ind2=" ">
    <subfield code="c">44 minuti (Testo:  pag.)</subfield>
  </datafield>
  <datafield tag="500" ind1=" " ind2=" ">
    <subfield code="a">Disco fuori commercio allegato al n. 1 di "Musica Jazz". Evoluzione stilistica della chitarra nel jazz. Blues vocale.</subfield>
  </datafield>
  <datafield tag="505" ind1=" " ind2=" ">
    <subfield code="a">The Risin' Sun [(New York, 15 novembre 1928) (Alexander Texas) (4:00)] - Guitar Blues [(New York, 7 maggio 1929) (Lang Eddie) (4:00)] - Church Street Sobbin' Blues [(New York, 5 novembre 1928) (Lang Eddie) (4:00)] - Them There Eyes (3:00) - Appel Direct [(Parigi, 14 giugno 1938) (3:00)] - Rose Room [(New York, 2 ottobre 1939) (Goodman Benny) (3:00)] - Solo Flight [(New York, 4 febbraio 1941) (Goodman Benny) (3:00)] - Rebecca [(New York, 7 aprile 1950) (Bauer Billy) (4:00)] - Why Was I Born [(Hackensack, 7 marzo 1958) (Burrell Kenny) (4:00)] - Airegin [(New York, 26 gennaio 1960) (Montgomery Wes) (5:00)] - Ela me Deixou-She Has Gone [(New York, 28 settembre 1962) (Byrd Charlie) (3:00)] - Will You Still Be Mine? [(New York, 1 maggio 1964) (Benson George) (5:00)] - St. Thomas [(New York, 4 agosto 1972) (Hall Jim) (5:00)]</subfield>
  </datafield>
  <datafield tag="511" ind1=" " ind2=" ">
    <subfield code="a">Alexander Texas: Voc, Lang Eddie: Chit, Johnson Lonnie: Chit</subfield>
  </datafield>
  <datafield tag="511" ind1=" " ind2=" ">
    <subfield code="a">Lang Eddie: Chit Acc. da Signorelli Frank: P</subfield>
  </datafield>
  <datafield tag="511" ind1=" " ind2=" ">
    <subfield code="a">Quintette du Hot Club de France</subfield>
  </datafield>
  <datafield tag="511" ind1=" " ind2=" ">
    <subfield code="a">Benny Goodman Sextet</subfield>
  </datafield>
  <datafield tag="511" ind1=" " ind2=" ">
    <subfield code="a">Benny Goodman and his Orchestra</subfield>
  </datafield>
  <datafield tag="511" ind1=" " ind2=" ">
    <subfield code="a">Bauer Billy: Chit, Konitz Lee: Alto</subfield>
  </datafield>
  <datafield tag="511" ind1=" " ind2=" ">
    <subfield code="a">Burrell Kenny: Chit, Coltrane John: Ten</subfield>
  </datafield>
  <datafield tag="511" ind1=" " ind2=" ">
    <subfield code="a">Hall Jim: Chit, Carter Ron: Cb</subfield>
  </datafield>
  <datafield tag="650" ind1=" " ind2=" ">
    <subfield code="a">JAZZ [DISCHI]</subfield>
    <subfield code="e">Codice MATERIA SPICS: 9950</subfield>
    <subfield code="9">13449</subfield>
  </datafield>
  <datafield tag="700" ind1=" " ind2=" ">
    <subfield code="a">Alexander Texas</subfield>
    <subfield code="d">Codice autore musica SPICS: 16171</subfield>
    <subfield code="e">Autore musica</subfield>
    <subfield code="p">The Risin' Sun</subfield>
    <subfield code="9">13450</subfield>
  </datafield>
  <datafield tag="700" ind1=" " ind2=" ">
    <subfield code="a">Johnson Lonnie</subfield>
    <subfield code="d">Codice autore musica SPICS: 16173</subfield>
    <subfield code="e">Autore musica</subfield>
    <subfield code="p">Guitar Blues</subfield>
    <subfield code="9">13451</subfield>
  </datafield>
  <datafield tag="700" ind1=" " ind2=" ">
    <subfield code="a">Lang Eddie</subfield>
    <subfield code="d">Codice autore SPICS: 16172</subfield>
    <subfield code="e">Autore</subfield>
    <subfield code="p">Guitar Blues</subfield>
    <subfield code="9">13452</subfield>
  </datafield>
  <datafield tag="700" ind1=" " ind2=" ">
    <subfield code="a">Crawley Lada</subfield>
    <subfield code="d">Codice autore musica SPICS: 27777</subfield>
    <subfield code="e">Autore musica</subfield>
    <subfield code="p">Church Street Sobbin' Blues</subfield>
    <subfield code="9">13453</subfield>
  </datafield>
  <datafield tag="700" ind1=" " ind2=" ">
    <subfield code="a">Hunez</subfield>
    <subfield code="d">Codice autore SPICS: 27778</subfield>
    <subfield code="e">Autore</subfield>
    <subfield code="p">Church Street Sobbin' Blues</subfield>
    <subfield code="9">13454</subfield>
  </datafield>
  <datafield tag="700" ind1=" " ind2=" ">
    <subfield code="a">Pinkard Maceo</subfield>
    <subfield code="d">Codice autore musica SPICS: 16174</subfield>
    <subfield code="e">Autore musica</subfield>
    <subfield code="p">Them There Eyes</subfield>
    <subfield code="9">13455</subfield>
  </datafield>
  <datafield tag="700" ind1=" " ind2=" ">
    <subfield code="a">Tracey William</subfield>
    <subfield code="d">Codice autore SPICS: 20296</subfield>
    <subfield code="e">Autore</subfield>
    <subfield code="p">Them There Eyes</subfield>
    <subfield code="9">13456</subfield>
  </datafield>
  <datafield tag="700" ind1=" " ind2=" ">
    <subfield code="a">Tauber Doris</subfield>
    <subfield code="d">Codice autore testo/musica SPICS: 20857</subfield>
    <subfield code="e">Autore testo/musica</subfield>
    <subfield code="p">Them There Eyes</subfield>
    <subfield code="9">13457</subfield>
  </datafield>
  <datafield tag="700" ind1=" " ind2=" ">
    <subfield code="a">Reinhardt Django</subfield>
    <subfield code="d">Codice autore musica SPICS: 16176</subfield>
    <subfield code="e">Autore musica</subfield>
    <subfield code="p">Appel Direct</subfield>
    <subfield code="9">13458</subfield>
  </datafield>
  <datafield tag="700" ind1=" " ind2=" ">
    <subfield code="a">Grappelli Stephane</subfield>
    <subfield code="d">Codice autore SPICS: 16178</subfield>
    <subfield code="e">Autore</subfield>
    <subfield code="p">Appel Direct</subfield>
    <subfield code="9">13459</subfield>
  </datafield>
  <datafield tag="700" ind1=" " ind2=" ">
    <subfield code="a">Williams</subfield>
    <subfield code="d">Codice autore musica SPICS: 20150</subfield>
    <subfield code="e">Autore musica</subfield>
    <subfield code="p">Rose Room</subfield>
    <subfield code="9">13460</subfield>
  </datafield>
  <datafield tag="700" ind1=" " ind2=" ">
    <subfield code="a">Hickman</subfield>
    <subfield code="d">Codice autore SPICS: 20925</subfield>
    <subfield code="e">Autore</subfield>
    <subfield code="p">Rose Room</subfield>
    <subfield code="9">13461</subfield>
  </datafield>
  <datafield tag="700" ind1=" " ind2=" ">
    <subfield code="a">Christian</subfield>
    <subfield code="d">Codice autore musica SPICS: 10823</subfield>
    <subfield code="e">Autore musica</subfield>
    <subfield code="p">Solo Flight</subfield>
    <subfield code="9">13462</subfield>
  </datafield>
  <datafield tag="700" ind1=" " ind2=" ">
    <subfield code="a">Goodman Benny</subfield>
    <subfield code="d">Codice autore SPICS: 10538</subfield>
    <subfield code="e">Autore</subfield>
    <subfield code="p">Solo Flight</subfield>
    <subfield code="9">13463</subfield>
  </datafield>
  <datafield tag="700" ind1=" " ind2=" ">
    <subfield code="a">Mundy</subfield>
    <subfield code="d">Codice autore testo/musica SPICS: 20407</subfield>
    <subfield code="e">Autore testo/musica</subfield>
    <subfield code="p">Solo Flight</subfield>
    <subfield code="9">13464</subfield>
  </datafield>
  <datafield tag="700" ind1=" " ind2=" ">
    <subfield code="a">Konitz Lee</subfield>
    <subfield code="d">Codice autore musica SPICS: 11301</subfield>
    <subfield code="e">Autore musica</subfield>
    <subfield code="p">Rebecca</subfield>
    <subfield code="9">13465</subfield>
  </datafield>
  <datafield tag="700" ind1=" " ind2=" ">
    <subfield code="a">Kern Jerome</subfield>
    <subfield code="d">Codice autore musica SPICS: 10779</subfield>
    <subfield code="e">Autore musica</subfield>
    <subfield code="p">Why Was I Born</subfield>
    <subfield code="9">13466</subfield>
  </datafield>
  <datafield tag="700" ind1=" " ind2=" ">
    <subfield code="a">Hammerstein Oscar</subfield>
    <subfield code="d">Codice autore SPICS: 15701</subfield>
    <subfield code="e">Autore</subfield>
    <subfield code="p">Why Was I Born</subfield>
    <subfield code="9">13467</subfield>
  </datafield>
  <datafield tag="700" ind1=" " ind2=" ">
    <subfield code="a">Rollins Sonny</subfield>
    <subfield code="d">Codice autore musica SPICS: 16190</subfield>
    <subfield code="e">Autore musica</subfield>
    <subfield code="p">Airegin - St. Thomas</subfield>
    <subfield code="9">13468</subfield>
  </datafield>
  <datafield tag="700" ind1=" " ind2=" ">
    <subfield code="a">Byrd Charlie</subfield>
    <subfield code="d">Codice autore musica SPICS: 16183</subfield>
    <subfield code="e">Autore musica</subfield>
    <subfield code="p">Ela me Deixou-She Has Gone</subfield>
    <subfield code="9">13469</subfield>
  </datafield>
  <datafield tag="700" ind1=" " ind2=" ">
    <subfield code="a">Dennis Matt</subfield>
    <subfield code="d">Codice autore musica SPICS: 23712</subfield>
    <subfield code="e">Autore musica</subfield>
    <subfield code="p">Will You Still Be Mine?</subfield>
    <subfield code="9">13470</subfield>
  </datafield>
  <datafield tag="700" ind1=" " ind2=" ">
    <subfield code="a">Adair Solange</subfield>
    <subfield code="d">Codice autore SPICS: 5750</subfield>
    <subfield code="e">Autore</subfield>
    <subfield code="p">Will You Still Be Mine?</subfield>
    <subfield code="9">13471</subfield>
  </datafield>
  <datafield tag="942" ind1=" " ind2=" ">
    <subfield code="c">MD</subfield>
    <subfield code="2">ddc</subfield>
  </datafield>
  <datafield tag="952" ind1=" " ind2=" ">
    <subfield code="0">0</subfield>
    <subfield code="1">0</subfield>
    <subfield code="4">0</subfield>
    <subfield code="6">25675_000000000000000</subfield>
    <subfield code="7">1</subfield>
    <subfield code="a">SPICS</subfield>
    <subfield code="b">SPICS</subfield>
    <subfield code="d">2013-10-25</subfield>
    <subfield code="l">0</subfield>
    <subfield code="o">25675</subfield>
    <subfield code="r">2013-10-25 00:00:00</subfield>
    <subfield code="w">2013-10-25</subfield>
    <subfield code="y">MD</subfield>
    <subfield code="z">Progr. Ins.: 5549 / N.Vol.: 1 / Copie: 1 - Copia rara: n.d. / date import: 01.01.2014 - By Epidotti, Trombetti, Vaglietti</subfield>
  </datafield>
</record>
